Т. 3: Оптика. Атомная физика; Курс общей физики

Библиографические подробности
Источник:Курс общей физики: в 3 т./ С. Э. Фриш, А. В. Тиморева. Т. 3: Оптика. Атомная физика.— 11 изд., стер..— , 2006.— 5-8114-0662-2
Примечания:Трехтомный «Курс общей физики», написанный совместно С. Э. Фришем (1899-1977) и А. В. Тиморевой (1902-1995), в течение многих лет был одним из основных курсов физики, выдержал множество переизданий, в том числе на иностранных языках. Учебник отличается ясностью логики и алгоритма изложения, простотой подачи материала. В третьем томе содержится изложение материалов по оптике и атомной физике. Учебник рекомендован для студентов технических вузов и университетов.
Язык:русский
Опубликовано: 2006
Предметы:
Формат: Книга
Запись в KOHA:https://koha.lib.tpu.ru/cgi-bin/koha/opac-detail.pl?biblionumber=96143

MARC

LEADER 00000nam2a2200000 4500
001 96143
005 20231101214041.0
010 |a 5811406657 
035 |a (RuTPU)RU\TPU\book\102922 
035 |a RU\TPU\book\41808 
090 |a 96143 
100 |a 20060510d2006 m y0rusy50 ca 
101 0 |a rus 
102 |a RU 
105 |a a j 001zy 
200 0 |a Т. 3: Оптика. Атомная физика 
210 |d 2006 
215 |a 649 с.  |c ил. 
320 |a Алфавитный указатель: с. 636-644. 
330 |a Трехтомный «Курс общей физики», написанный совместно С. Э. Фришем (1899-1977) и А. В. Тиморевой (1902-1995), в течение многих лет был одним из основных курсов физики, выдержал множество переизданий, в том числе на иностранных языках. Учебник отличается ясностью логики и алгоритма изложения, простотой подачи материала. В третьем томе содержится изложение материалов по оптике и атомной физике. Учебник рекомендован для студентов технических вузов и университетов. 
461 1 |0 (RuTPU)RU\TPU\book\103737  |y 5-8114-0662-2  |t Курс общей физики  |o в 3 т.  |o учебник  |f С. Э. Фриш, А. В. Тиморева  |v Т. 3: Оптика. Атомная физика  |e 11 изд., стер.  |d 2006  |s Лучшие классические учебники. Физика 
606 |a Физика  |2 stltpush  |3 (RuTPU)RU\TPU\subj\63709  |9 80688 
610 1 |a оптика 
610 1 |a атомная физика 
610 1 |a дифракция 
610 1 |a интерференция 
610 1 |a атомы 
610 1 |a молекулы 
610 1 |a квантовая механика 
610 1 |a ядра 
610 1 |a нейроны 
610 1 |a мезоны 
610 1 |a ядерная энергетика 
610 1 |a учебники 
610 1 |a свет 
675 |a 53(075.8)  |v 3 
801 1 |a RU  |b 63413507  |c 20020521  |g PSBO 
801 2 |a RU  |b 63413507  |c 20191021  |g PSBO 
900 |a Основы оптики 
942 |c BK